Equipe de France de football 1998/2018 - Statistiques

Statistiques générales
  • Ce quiz a été pris 1 333 fois
  • Le résultat moyen est 34 sur 47
Statistiques - réponses
Poste Champion % Correct
Gardien et capitaine Hugo Lloris
99%
Attaquant Antoine Griezmann
96%
Attaquant Kylian Mbappé
96%
Sélectionneur Didier Deschamps
95%
Milieu et capitaine Didier Deschamps
95%
Attaquant Olivier Giroud
95%
Milieu N'Golo Kanté
94%
Milieu Paul Pogba
94%
Milieu Zinédine Zidane
94%
Gardien Alphonse Areola
92%
Défenseur Benjamin Pavard
92%
Défenseur Rapahël Varane
92%
Gardien Steve Mandanda
92%
Défenseur Lucas Hernandez
91%
Gardien Fabien Barthez
90%
Défenseur Samuel Umtiti
86%
Attaquant Ousmane Dembélé
83%
Attaquant Thierry Henry
83%
Défenseur Adil Rami
82%
Défenseur Laurent Blanc
78%
Milieu Blaise Matuidi
77%
Milieu Emmanuel Petit
77%
Défenseur Lilian Thuram
75%
Défenseur Marcel Desailly
74%
Attaquant Nabil Fekir
73%
Défenseur Bixente Lizarazu
72%
Attaquant Florian Thauvin
72%
Milieu Steven Nzonzi
72%
Défenseur Presnel Kimpembe
70%
Défenseur Benjamin Mendy
67%
Milieu Corentin Tolisso
65%
Attaquant David Trezeguet
65%
Milieu Patrick Vieira
62%
Sélectionneur Aimé Jacquet
61%
Défenseur Djibril Sidibé
61%
Milieu Youri Djorkaeff
60%
Gardien Bernanrd Lama
55%
Attaquant Thomas Lemar
55%
Attaquant Stéphane Guivarc'h
49%
Défenseur Franck Leboeuf
47%
Attaquant Christophe Dugarry
46%
Milieu Christian Karembeu
45%
Milieu Robert Pirès
44%
Gardien Lionel Charbonnier
28%
Défenseur Vincent Candela
25%
Attaquant Bernard Diomède
23%
Milieu Alain Boghossian
22%
Aucun quiz correspondant
Distribution des résultats
% des personnes avec chaque résultat
Percentile par nombre de réponses
Votre historique - résultats
Vous n’avez pas pris ce quiz